000
00405nam a2200145Ia 4500
008
100204s9999 xx 000 0 und d
082
_b
13772
100
_a
मेहता शशिकला
245
_a
सायली
260
_b
"स्मिता प्रकाशन, पुणे 30"
_c
1984
300
_a
150
630
_a
सायली
730
_a
सायली
942
_c
BOOK
999
_c
458204
_d
458201